[Event "7th RTU Open 2017"]
[Site "Riga"]
[Date "2017.08.12"]
[Round "8"]
[White "Braun, Arik"]
[Black "Hambleton, Aman"]
[Result "1-0"]
[WhiteElo "2577"]
[BlackElo "2461"]
[Annotator "TA"]
[PlyCount "69"]
[EventDate "2017.??.??"]
[EventType "swiss"]
[EventCountry "LAT"]
[SourceTitle "playchess.com"]
[Source "ChessBase"]
[SourceQuality "1"]

{[%evp 12,69,0,-8,60,55,68,59,62,56,53,32,43,33,41,33,41,41,33,34,44,41,36,38,35,0,59,51,59,0,51,47,291,275,308,301,324,339,397,367,518,515,505,479,563,543,524,507,661,663,638,606,579,579,677,666,683,562,702,697]} 1. d4 Nf6 2. c4 e6 3. Nc3 Bb4 4. f3 c5 5. d5 b5 6. e4 {E20: Nimzo-Indian: 4 g3 and 4 f3} O-O 7. Nh3 {LiveBook: 12 Games} (7. e5 Ne8 8. f4 d6 9. Nf3 exd5 10. cxd5 Nc7 11. a4 Bb7 12. Bd3 h6 13. O-O Bxc3 14. bxc3 dxe5 15. axb5 {1-0 (32) Mamedyarov,S (2766)-Hou,Y (2651) Sharjah 2017}) 7... exd5 (7... bxc4 $11 8. Bxc4 exd5 9. Bxd5 Nxd5 10. Qxd5 Ba6) 8. cxd5 $14 {White is slightly better.} d6 9. Nf2 $1 a6 $146 ({Predecessor:} 9... c4 10. Be2 Bc5 11. O-O Qb6 12. a4 b4 13. a5 Qd8 {0-1 (47) Salas Martin,J (1828)-Ruiz Gomez,A (2362) Bilbao 2016}) 10. a4 bxa4 11. Rxa4 Nbd7 12. Be2 Nb6 13. Ra1 a5 14. O-O Ne8 15. Qc2 Bd7 16. b3 f5 17. Bb2 fxe4 18. fxe4 Nf6 (18... c4 $11) 19. Na2 Qe7 20. Rfd1 ({White should play} 20. Nxb4 $14 axb4 21. Qd3) 20... Rae8 (20... Nfxd5 $11 21. exd5 Rxf2 22. Kxf2 Re8) 21. Bf3 Bb5 $2 ({Better is} 21... Bc8 $14) 22. Nxb4 $18 axb4 {[#]} 23. e5 $1 {[%cal Re5f6][%mdl 512]} dxe5 24. d6 Qd7 {...c4 would now be nice for Black.} 25. Qxc5 e4 {[#]} (25... Nc8 {was worth a try.} 26. Bxe5 Qf5) 26. Bxf6 $1 {White is clearly winning.} (26. Qxb6 exf3 27. Ra7 Qf5 $16) 26... exf3 27. Be7 Be2 28. Bxf8 Bxd1 29. Rxd1 Qe6 {( -> ...Qe1+!)} 30. Be7 Nd7 31. Qd5 Qxd5 32. Rxd5 Rc8 33. gxf3 Rc3 34. Rd3 Ne5 {[#]} 35. d7 $1 {[%mdl 512] Precision: White = 86%, Black = 38%.} 1-0

[Event "7th RTU Open 2017"]
[Site "Riga"]
[Date "2017.08.12"]
[Round "8"]
[White "Brunello, Sabino"]
[Black "Tang, Andrew"]
[Result "0-1"]
[WhiteElo "2566"]
[BlackElo "2475"]
[Annotator "TA"]
[PlyCount "110"]
[EventDate "2017.??.??"]
[EventType "swiss"]
[EventCountry "LAT"]
[SourceTitle "playchess.com"]
[Source "ChessBase"]
[SourceQuality "1"]

{[%evp 27,110,22,35,15,43,39,34,23,34,34,26,22,33,8,13,14,16,0,0,0,0,0,12,4,12,-25,-21,-16,-16,-27,0,-9,-5,-11,-10,-10,-6,-13,-23,-11,-4,-66,-93,-43,-39,-131,-115,-142,-118,-112,-102,-138,-125,-244,-201,-270,-269,-268,-250,-312,-302,-368,-362,-446,-509,-463,-454,-619,-611,-4930,-4610,-29954,-6037,-29973,-29973,-29980,-29982,-29981,-29982,-29982,-29983,-29983,-29983,-29990,-29991]} 1. d4 d5 2. c4 e6 3. Nc3 Be7 4. Nf3 Nf6 5. Bg5 h6 6. Bh4 O-O 7. e3 b6 8. Be2 Bb7 9. Bxf6 Bxf6 10. cxd5 exd5 11. O-O Qe7 12. Qb3 Rd8 13. Rad1 c6 14. Rfe1 {D58: Queen's Gambit Declined: Tartakower Defence} Nd7 {[%cal Bb8d7,Bd7f8,Bf8e6][%mdl 32] LiveBook: 6 Games} 15. e4 {[#]} Nf8 $146 ({Find the theoretical novelty and annotate with similar games:} 15... dxe4 16. Bd3 Qf8 17. Nxe4 c5 18. d5 Bd4 19. Bc4 Ne5 20. Nxd4 Nxc4 21. Nf5 Ne5 {1-0 (38) Anand,V (2785)-Harikrishna,P (2726) Dubai 2014}) 16. e5 {White is slightly better.} Bg5 $1 17. g3 {Threatens to win with h4.} Qd7 18. Nxg5 hxg5 19. Bf1 Qg4 20. Ne2 Ne6 21. Qe3 Rac8 22. f4 Ba6 23. h3 Qf5 24. fxg5 Bxe2 ({But not} 24... Nxg5 $2 25. g4 $18) 25. Rxe2 Qxg5 26. Qf3 c5 27. dxc5 bxc5 {Strongly threatening ...Nd4.} 28. h4 Qg6 29. Rf2 $132 {[%mdl 2048] Hoping for h5. White is not keeping still} Nd4 30. Qf4 Rc7 31. Bh3 a5 32. e6 Re7 33. exf7+ Rxf7 34. Qxf7+ (34. Qg4 $1 $11 Qxg4 35. Bxg4) 34... Qxf7 $15 35. Rxf7 Kxf7 $11 {[%mdl 4096] Endgame KRB-KRN} 36. Kf2 (36. Rd3 $1 $15) 36... Ke7 $17 37. Bg4 Kd6 38. Rd2 Rf8+ 39. Ke3 Nc6 40. Rg2 (40. Rf2 $17 {might work better.} d4+ 41. Ke2 Rxf2+ 42. Kxf2) 40... d4+ {[%cal Bd5d4,Bd4d3][%mdl 32]} 41. Kd2 Ne5 42. Be2 c4 $1 43. g4 Kd5 44. h5 d3 45. Bd1 Kd4 46. g5 Rb8 47. Kc1 {[#]} c3 $1 48. bxc3+ Kxc3 49. h6 gxh6 50. gxh6 {[#]} Nc4 $1 {Black mates.} 51. Rg3 Na3 {[%csl Ga3][%cal Rb8b1]} 52. Bb3 {[#]} a4 $1 {[%mdl 512]} 53. h7 (53. Bxa4 Rb1#) 53... axb3 54. axb3 Rf8 {[%cal Rf8f1]} 55. Rg1 Nc2 {Precision: White = 33%, Black = 82%.} 0-1

[Event "7th RTU Open 2017"]
[Site "Riga"]
[Date "2017.08.12"]
[Round "8"]
[White "Boruchovsky, Avital"]
[Black "Bogner, Sebastian"]
[Result "1-0"]
[WhiteElo "2556"]
[BlackElo "2600"]
[Annotator "TA"]
[PlyCount "55"]
[EventDate "2017.??.??"]
[EventType "swiss"]
[EventCountry "LAT"]
[SourceTitle "playchess.com"]
[Source "ChessBase"]
[SourceQuality "1"]

{[%evp 13,55,0,1,0,0,-5,12,0,9,6,17,31,9,15,7,13,65,56,64,68,58,25,25,42,185,168,169,155,283,116,231,79,110,107,104,86,154,162,373,354,491,472,752,740]} 1. e4 c5 2. Nf3 d6 3. d4 cxd4 4. Nxd4 Nf6 5. Nc3 a6 6. h4 {B90: Sicilian Najdorf: Unusual White 6th moves, 6 Be3 Ng4 and 6 Be3 e5} (6. h3 e6 7. g4 h6 8. Bg2 Be7 9. Be3 Nc6 10. f4 Nd7 11. O-O O-O 12. Nf3 b5 13. Ne2 Bb7 14. Ng3 Rc8 15. c3 Na5 16. Bf2 {½-½ (46) Harikrishna,P (2737)-Navara,D (2737) Biel 2017}) 6... e5 7. Nb3 Be7 {LiveBook: 8 Games} 8. Be2 {The position is equal.} Be6 9. f4 $146 ({Predecessor:} 9. g4 h6 10. Bf3 g6 11. Be3 Nbd7 12. Rg1 Qc7 13. Qd2 h5 14. g5 Ng4 15. O-O-O Nxe3 16. Qxe3 {0-1 (41) Ferdiman,T-Karavade,E (2316) Kuala Lumpur 2006}) 9... b5 {[%cal Bb7b5,Bb5b4][%mdl 32]} 10. g4 (10. f5 $5 {[%cal Rf5e6]} Bc8 11. Bf3 $11) 10... b4 11. Nd5 $1 Nxe4 12. Nxe7 Qxe7 13. f5 $1 {[%cal Rf5e6]} Bxb3 14. axb3 Qb7 (14... Ng3 $11 15. Qd5 Nxh1) 15. Bf3 $14 {[%mdl 1024] aiming for Ra5. White has compensation.} Nd7 16. Be3 O-O 17. Qd3 d5 18. O-O-O Nb6 (18... Nef6 $1 $14 19. Bxd5 Qxd5 20. Qxd5 Nxd5 21. Rxd5 Nf6 22. Rxe5 Nxg4) 19. Bxe4 dxe4 20. Qd6 $36 {[%mdl 2048] White is really pushing.} Rab8 {[#]} (20... Nc8 $16 21. Qxe5 Qc6) 21. f6 ({Less strong is} 21. Qxe5 Nd7 $16) (21. h5 $1 $18 {and the rest is easy.}) 21... Rfe8 $16 22. Rh2 $2 (22. Rhf1 $18 {has better winning chances.}) 22... Re6 23. Qd8+ Re8 {[#]} 24. Rhd2 $1 {Strongly threatening Qxe8+!} h6 ({Worse is} 24... Rexd8 25. Rxd8+ Rxd8 26. Rxd8#) (24... h5 $142 25. Qd6 Nc8) 25. Qd6 {Hoping for fxg7.} a5 $2 (25... Nc8 {was worth a try.} 26. Qc5 gxf6) 26. g5 $18 {And now fxg7 would win.} Re6 27. Qc5 {Black must now prevent Rd8+.} Qc8 {[#]} (27... Kh7 $142 28. fxg7 Kxg7 29. gxh6+ Kh7) 28. Qe7 $3 {[%mdl 512] Precision: White = 56%, Black = 38%.} 1-0

[Event "7th RTU Open 2017"]
[Site "Riga"]
[Date "2017.08.12"]
[Round "8"]
[White "Kunin, Vitaly"]
[Black "Baldauf, Marco"]
[Result "0-1"]
[WhiteElo "2551"]
[BlackElo "2460"]
[Annotator "TA"]
[PlyCount "90"]
[EventDate "2017.??.??"]
[EventType "swiss"]
[EventCountry "LAT"]
[SourceTitle "playchess.com"]
[Source "ChessBase"]
[SourceQuality "1"]

{[%evp 13,90,35,30,0,0,0,1,0,0,0,0,0,6,12,4,-17,0,0,7,-14,21,0,0,0,0,0,16,21,30,26,32,0,0,-17,0,-39,-24,-81,-50,-57,-18,-50,-38,-50,-31,-38,0,0,0,-28,-9,-51,-45,-67,0,-105,-85,-196,0,-5,0,-61,-67,-130,-115,-108,-108,-131,-99,-29980,-29981,-29984,-29985,-29990,-29991,-29992,-29979,-12841,-12838]} 1. d4 Nf6 2. c4 g6 3. Nf3 Bg7 4. e3 O-O 5. Be2 c5 6. d5 d6 7. Nc3 e6 8. Nd2 {E61: King's Indian: Early deviations for White, including Smyslov System} (8. O-O Re8 9. e4 exd5 10. exd5 Bf5 11. Bd3 Ne4 12. Nxe4 Bxe4 13. Bxe4 Rxe4 14. Qd3 Re8 15. Bf4 Na6 {½-½ (56) Nakamura,H (2785)-Mamedyarov,S (2800) Paris 2017}) 8... Na6 9. O-O Nc7 {[%cal Re6d5]} 10. e4 {The position is equal.} a6 $146 ({Predecessor:} 10... exd5 11. cxd5 Nfe8 12. a4 b6 13. Nc4 f5 14. exf5 Rxf5 15. a5 Rb8 16. axb6 axb6 {1-0 (71) Dreev,A (2654)-Margvelashvili,G (2540) Las Vegas 2014}) 11. a4 b6 12. Re1 Rb8 13. dxe6 Nxe6 14. Nb3 Bb7 15. Bf1 Re8 16. f3 h5 17. Be3 h4 18. Qd2 Nh5 19. Nd5 g5 20. Nc1 Bd4 21. Ne2 {[%cal Re2d4]} Be5 22. Bf2 Bxd5 23. exd5 Neg7 {[%cal Be6g7,Bg7f5,Bf5d4][%mdl 32]} 24. Nc3 Nf5 25. Bd3 (25. Rab1 $11 {remains equal.}) 25... Nd4 $17 26. Bxd4 Bxd4+ 27. Kf1 {Hoping for Rxe8+.} Nf4 28. g3 Nxd3 29. Qxd3 hxg3 30. hxg3 Qf6 $40 {[%mdl 128] Black is up to no good.} 31. Ne4 Qg6 32. Rab1 Kg7 33. Kg2 $1 f5 ({Black should try} 33... g4 $15 34. fxg4 Re5) 34. Nd2 (34. Nf2 $11 {keeps the balance.}) 34... Qf6 35. Nf1 {[#]} (35. Re2 $17) 35... Re5 $2 (35... g4 $1 $19 36. Ne3 gxf3+ 37. Kxf3 Re4) 36. f4 $11 Re7 {White must now prevent ...Rbe8.} 37. fxg5 (37. Ne3 $11 Bxe3 38. Rxe3) 37... Qxg5 $15 38. Nd2 (38. Rxe7+ $15 Qxe7 39. b4) 38... Rbe8 {[%cal Bb8e8,Be8e7,Be7e3][%mdl 32]} 39. Nf3 {[#]} Qg4 $1 {And now ...Re3 would win.} 40. Rxe7+ Rxe7 41. Nxd4 $4 {[%mdl 8192]} (41. Re1 $17 Rxe1 42. Nxe1) 41... cxd4 $17 {KQR-KQR} 42. Rd1 Kg6 43. Kf1 Re3 44. Qd2 Qf3+ 45. Kg1 Re2 {Precision: White = 29%, Black = 60%.} 0-1

[Event "7th RTU Open 2017"]
[Site "Riga"]
[Date "2017.08.12"]
[Round "8"]
[White "Shyam, Sundar M"]
[Black "Harsha Bharathakoti"]
[Result "0-1"]
[WhiteElo "2547"]
[BlackElo "2404"]
[Annotator "TA"]
[PlyCount "148"]
[EventDate "2017.??.??"]
[EventType "swiss"]
[EventCountry "LAT"]
[SourceTitle "playchess.com"]
[Source "ChessBase"]
[SourceQuality "1"]

{[%evp 15,148,-26,-18,-81,-77,-88,-81,-79,-83,-83,-82,-94,-79,-75,-35,-38,-54,-87,-79,-91,-91,-91,-82,-73,-73,-71,-70,-70,-63,-86,-77,-73,-15,-43,-41,-42,-46,-52,-41,-94,-105,-93,-93,-92,-98,-92,-11,-17,-17,-56,-89,-85,-85,-87,-92,-102,-102,-152,-147,-135,-116,-137,-102,-106,-113,-126,-118,-96,-99,-87,-93,-99,-83,-81,-86,-83,-74,-91,-64,-69,-67,-154,-118,-90,-95,-450,-444,-420,-415,-471,-473,-420,-397,-365,-329,-966,-725,-880,-607,-614,-585,-1770,-429,-1482,-628,-3195,-3009,-2408,0,-466,-473,-3236,-352,-3195,-2601,-5460,-5073,-1518,-1387,-29971,-29971,-29972,-29973,-29972,-29973,-29975,-29973,-29975,-29979,-29979,-29980,-29986,-29982,-29982,-29983]} 1. e4 c5 2. Nf3 d6 3. Nc3 Nf6 4. e5 dxe5 5. Nxe5 a6 6. a4 Qc7 7. Nc4 {B50: Sicilian: 2...d6, Miscellaneous} Nc6 8. d3 Be6 {LiveBook: 4 Games} 9. Ne3 (9. g3 $11 {remains equal.}) 9... Rd8 $17 10. g3 $146 {[#]} ({Predecessor:} 10. Bd2 g6 11. g3 h5 12. Bg2 h4 13. O-O Bg7 14. Re1 Qd7 {0-1 (44) Kotsur,P (2569)-Sakaev,K (2656) Moscow 2004}) 10... c4 $1 {[%mdl 512]} 11. Bg2 (11. dxc4 Rxd1+) 11... cxd3 12. cxd3 g6 13. O-O Bg7 14. Ne2 O-O 15. Nf4 Bc8 16. Bd2 e5 17. Nfd5 Nxd5 18. Nxd5 Qd6 19. Bg5 f6 20. Be3 Be6 21. Nc3 {[%cal Bd5c3,Bc3a4,Ba4c5][%mdl 32]} f5 22. Bb6 Rd7 (22... Qxd3 $6 23. Bxd8 Rxd8 24. Qxd3 $11) 23. a5 Nb4 (23... Qxd3 $17 {Threatening ...Rff7.} 24. Qxd3 Rxd3) 24. Na4 {Black must now prevent Bc5.} Nxd3 {[#] Strongly threatening ...Qb4.} 25. Nc5 $1 {[%mdl 512]} e4 ({Avoid the trap} 25... Nxb2 $2 26. Qxd6 Rxd6 27. Bc7 $18) (25... Nxc5 26. Qxd6) 26. Nxd7 Qxd7 27. f3 (27. Qd2 $15) 27... Bd4+ 28. Kh1 Bxb6 $1 ({But not} 28... Bxb2 $6 29. Rb1 $11) 29. axb6 e3 $1 30. f4 Nf2+ (30... Re8 $17 31. Qc2 Bf7) 31. Rxf2 $1 $11 exf2 32. Qxd7 Bxd7 {[%mdl 4096] Endgame KRB-KRB} 33. Rf1 Bc6 $1 34. Bxc6 bxc6 35. Rxf2 $17 {KR-KR} Rb8 36. Kg1 Rxb6 37. Kf1 Kf7 38. Re2 c5 39. Rc2 Rb5 40. Ke2 {[#]} Ke6 $1 41. Kd3 Kd5 42. Kc3 Rb4 {...Rc4+ is the strong threat.} 43. b3 Re4 44. Rd2+ Kc6 45. Rd8 {[#]} Re2 $1 {[%cal Re2h2]} 46. h4 Re3+ 47. Kc4 $1 Rxg3 {Hoping for ...Rg4.} 48. Rf8 (48. Ra8 $15) 48... Rg4 49. Rf6+ Kd7 50. Kxc5 $2 {[%mdl 8192]} (50. h5 $17) 50... Rxh4 $19 51. Rxa6 Rxf4 52. b4 Rf1 53. b5 Rc1+ 54. Kd5 Kc7 55. Ra7+ $2 (55. Rf6) 55... Kb6 56. Rxh7 Rg1 57. Ke5 Kxb5 58. Rc7 Rg4 59. Rc1 (59. Rc8 $142) 59... Kb4 60. Rc8 Rc4 61. Rg8 Rg4 (61... Re4+ $142 62. Kf6 Rg4) 62. Rc8 $1 f4 63. Kd4 (63. Rb8+ $142 Kc3 64. Ke4) 63... Kb3 $2 (63... Rg3 64. Ke4 g5) 64. Rc3+ $2 (64. Ke4 g5 65. Rd8) 64... Kb2 65. Rf3 Kc2 66. Ke4 g5 67. Ra3 Kd2 {Black mates.} 68. Rb3 Ke2 69. Rb2+ Kf1 70. Rb1+ Kg2 71. Rb2+ Kg3 72. Kf5 f3 {[%cal Bf4f3,Bf3f2][%mdl 32]} 73. Ra2 Rb4 74. Kxg5 f2 {Precision: White = 40%, Black = 70%.} 0-1

[Event "7th RTU Open 2017"]
[Site "Riga"]
[Date "2017.08.12"]
[Round "8"]
[White "Kantans, Toms"]
[Black "Korchmar, Vasiliy"]
[Result "1/2-1/2"]
[WhiteElo "2541"]
[BlackElo "2398"]
[Annotator "TA"]
[PlyCount "55"]
[EventDate "2017.??.??"]
[EventType "swiss"]
[EventCountry "LAT"]
[SourceTitle "playchess.com"]
[Source "ChessBase"]
[SourceQuality "1"]

{[%evp 9,55,-16,-15,-27,-27,-28,-28,-19,-24,-23,-21,-23,-19,-26,-22,-39,-12,-31,0,7,35,-30,20,-35,-10,-4,0,0,9,9,6,0,0,-107,-87,-66,-29,-48,-41,-25,0,0,0,0,0,0,0,0]} 1. c4 e5 2. g3 Nf6 3. Bg2 Bc5 4. Nc3 c6 5. Qa4 (5. e3 O-O 6. Nge2 d5 7. cxd5 Nxd5 8. d4 exd4 9. Nxd5 cxd5 10. Nxd4 Nc6 11. Nb3 Bb4+ 12. Bd2 Bf5 13. O-O Be4 {½-½ (31) Grigoriants,S (2580)-Jakovenko,D (2732) Gibraltar 2016}) 5... O-O {LiveBook: 4 Games} 6. b4 {A23: English Opening: 1...e5 2 Nc3 Nf6 3 g3 c6} Be7 7. Nf3 $146 ({Predecessor:} 7. Qb3 d6 8. Rb1 Be6 9. Nf3 h6 10. O-O Nbd7 11. d3 d5 12. cxd5 cxd5 {½-½ (58) Voiska,M (2366)-Shneider,A (2551) Cappelle-la-Grande 2000}) 7... e4 8. Nd4 {Black has an edge.} d5 9. cxd5 Nxd5 10. Nxd5 cxd5 11. Bb2 Qb6 12. b5 Bf6 13. O-O Bd7 14. Rab1 a6 {[%cal Ra6b5]} 15. d3 (15. Rfc1 $14) 15... exd3 16. exd3 (16. Bxd5 $11 Bh3 17. Rfe1) 16... Ra7 {[%cal Ra6b5]} 17. Ne2 ({Avoid the trap} 17. Bxd5 $2 axb5 18. Qb4 Ra4 $19) 17... axb5 18. Qb3 Bxb2 19. Rxb2 d4 20. a4 {[%cal Ra4b5]} Ra5 21. Qb4 {[#]} (21. Rfb1 $11 {remains equal.}) 21... Na6 $1 $17 {[%cal Ra6b4]} 22. Qe7 Bc6 (22... Nc5 {keeps more tension.} 23. axb5 Re8 24. Qh4 Rxb5 25. Rxb5 Bxb5 26. Nxd4 Bxd3 27. Rd1 Bg6) 23. axb5 Bxg2 24. Kxg2 Rxb5 25. Rxb5 {The position is equal.} Qxb5 26. Nxd4 Qxd3 27. Qxb7 Qxd4 28. Qxa6 {Precision: White = 42%, Black = 38%.} 1/2-1/2

[Event "7th RTU Open 2017"]
[Site "Riga"]
[Date "2017.08.12"]
[Round "8"]
[White "Sanal, Vahap"]
[Black "Mu, Ke"]
[Result "0-1"]
[WhiteElo "2539"]
[BlackElo "2411"]
[Annotator "TA"]
[PlyCount "106"]
[EventDate "2017.??.??"]
[EventType "swiss"]
[EventCountry "LAT"]
[SourceTitle "playchess.com"]
[Source "ChessBase"]
[SourceQuality "1"]

{[%evp 14,106,33,20,29,0,-2,-20,-20,-46,-42,-44,-43,-46,-50,-45,-29,-39,-21,-62,-61,-59,-50,-59,0,0,0,-10,0,-40,-48,-37,-18,-33,-4,-10,0,0,32,22,8,0,0,0,0,0,0,-2,0,0,0,-27,0,-22,0,-30,-26,-39,-39,-54,-56,-56,-56,-81,-74,-134,-138,-139,-136,-193,-193,-187,-187,-172,-171,-208,-195,-593,-159,-581,-992,-2083,-495,-2088,-1908,-1000,-1037,-29977,-29978,-5293,-29979,-29974,-29976,-3449,-2356]} 1. Nf3 Nf6 2. g3 g6 3. b3 Bg7 4. Bb2 d5 5. c4 c6 6. Bg2 O-O 7. O-O Bg4 8. d3 Nbd7 {A11: English Opening: 1...c6} 9. Nc3 (9. Nbd2 Re8 10. h3 Bxf3 11. Nxf3 e5 12. cxd5 cxd5 13. e3 a5 14. a3 Qb6 15. Rb1 Rad8 16. Re1 e4 17. dxe4 dxe4 18. Bd4 {½-½ (30) Bruzon Batista,L (2652)-Zherebukh,Y (2632) Saint Louis 2017}) 9... e5 10. h3 Bxf3 {The position is equal.} 11. Bxf3 {[%cal Rc4d5]} d4 12. Ne4 Nxe4 13. Bxe4 a5 14. Bg2 {[#]} h5 $146 ({Find the theoretical novelty and annotate with similar games:} 14... Re8 15. Rb1 Nc5 16. a3 {1-0 (86) Sanal,V (2475)-Esen,B (2528) Antalya 2017}) 15. h4 Nf6 16. b4 axb4 17. Qb3 Re8 18. Qxb4 e4 (18... Bf8 $15 19. Qb3 Nd7) 19. Bc1 Qc8 20. Bg5 e3 21. Bxf6 (21. fxe3 {seems wilder.} Ng4 22. Rab1 f6 23. Bf4 Nxe3 24. Bxe3 Rxe3 25. Qxb7 Qxb7 26. Rxb7 Rxe2 27. Bxc6 Raxa2 28. Bd5+) 21... Bxf6 22. f4 Qc7 (22... Qg4 $5 {[%cal Rg4e2]} 23. Rf3 Ra7 $15) 23. Rfb1 Re7 24. a4 Qd7 25. Kh2 Qg4 26. Bf3 Qf5 27. Qe1 Rd7 28. Bg2 {[#] And now Bh3 would win.} Qc5 29. Bh3 Rc7 30. Rb3 Be7 31. Qb1 Ra7 32. Ra2 (32. a5 $5) 32... Qd6 33. Qe1 Bd8 34. Bg2 Re7 35. a5 f6 36. Qb4 Qxb4 37. Rxb4 {Black should prevent a6!} Rxa5 38. Rab2 Ra7 39. f5 (39. c5 $142) 39... gxf5 $17 40. c5 Bc7 41. Rxd4 (41. Bh3 $17) 41... Rg7 $19 42. Rb1 Bxg3+ 43. Kh1 Rg4 44. Rd7 Rxh4+ 45. Kg1 $2 (45. Bh3) 45... Bf2+ 46. Kf1 Rg4 47. Rd8+ Kg7 (47... Kh7 $142 {( -> ...b5!)} 48. Rd7+ Kg6) 48. Rd7+ (48. Rb8 $142 Rb4 49. Rc1) 48... Kh6 49. Rd8 h4 50. Rh8+ Kg7 51. Rh5 f4 52. d4 {[#]} f5 $1 53. Rc1 (53. Rxf5 h3) 53... Ra8 {Precision: White = 40%, Black = 56%.} 0-1

[Event "7th RTU Open 2017"]
[Site "Riga"]
[Date "2017.08.12"]
[Round "8"]
[White "Zakhartsov, Viacheslav V"]
[Black "Stocek, Jiri"]
[Result "1/2-1/2"]
[WhiteElo "2539"]
[BlackElo "2583"]
[Annotator "TA"]
[PlyCount "37"]
[EventDate "2017.??.??"]
[EventType "swiss"]
[EventCountry "LAT"]
[SourceTitle "playchess.com"]
[Source "ChessBase"]
[SourceQuality "1"]

{[%evp 23,37,11,16,18,19,9,20,20,10,15,19,12,9,9,29,17]} 1. d4 Nf6 2. c4 e6 3. Nc3 Bb4 4. e3 O-O 5. Nge2 Re8 6. a3 Bf8 7. Ng3 d5 8. Be2 {E46: Nimzo-Indian: Rubinstein: 4 e3 0-0 5 Ne2 without early Bd3} dxc4 9. O-O c5 10. dxc5 Bxc5 11. Bxc4 Nbd7 12. b4 Be7 {LiveBook: 4 Games} 13. Bb2 a5 14. Qb3 axb4 15. axb4 Rxa1 16. Rxa1 {[#]} Nb6 $146 17. Rd1 Bd7 18. Be2 Qb8 19. b5 1/2-1/2

[Event "7th RTU Open 2017"]
[Site "Riga"]
[Date "2017.08.12"]
[Round "8"]
[White "Zeng, Chongsheng"]
[Black "Mandizha, Farai"]
[Result "1-0"]
[WhiteElo "2537"]
[BlackElo "2392"]
[Annotator "TA"]
[PlyCount "75"]
[EventDate "2017.??.??"]
[EventType "swiss"]
[EventCountry "LAT"]
[SourceTitle "playchess.com"]
[Source "ChessBase"]
[SourceQuality "1"]

{[%evp 12,75,19,4,29,27,30,21,27,29,30,34,31,32,30,23,68,64,95,40,40,41,106,70,68,53,44,90,72,-88,-65,-59,-35,-29,-39,-38,-23,-27,-28,-33,-35,-24,-4,0,0,0,0,0,0,0,0,-56,1053,864,1035,986,12839,12837,5497,5509,29989,29990,29996,29997,29997,29998]} 1. e4 e6 2. d4 d5 3. exd5 exd5 4. Nf3 Bd6 5. c4 Nf6 6. Nc3 O-O 7. cxd5 {LiveBook: 88 Games} a6 {C01: French: Exchange Variation} (7... Re8+ 8. Be2 Nbd7 9. Bg5 h6 10. Bh4 Nb6 11. O-O Be7 12. Bxf6 Bxf6 13. Qb3 a6 14. a4 Nxd5 15. Bc4 {1-0 (39) Lysyj,I (2686)-Savchenko,B (2599) Wroclaw 2014}) 8. Be2 b5 9. Bg5 {[%cal Bc1g5,Bg5h4,Bh4g3,Bg3e5][%mdl 32]} Re8 {The position is equal.} 10. O-O Nbd7 $146 ({Predecessor:} 10... Bb7 11. Bd3 Nbd7 12. Qc2 h6 13. Bh4 b4 14. Ne4 Bxd5 15. Rfe1 {1-0 (72) Gvetadze,S (2287)-Kamadadze,Z (2208) Batumi 2003}) 11. Nd2 h6 12. Bh4 g5 13. Bg3 b4 14. Na4 Nxd5 15. Bf3 ({White should try} 15. Nc4 $16) 15... N7f6 $14 16. Nc4 Bf5 (16... g4 $14 17. Bxd5 Nxd5) 17. Be5 Rb8 18. Rc1 g4 19. Bxd5 Nxd5 20. Ne3 $2 (20. Nc5 $16 {stays on course.}) 20... Nxe3 $17 21. fxe3 Bxe5 22. Rxf5 Bg7 $1 23. Qxg4 Rxe3 24. Rf4 Qe8 25. Rcf1 Re1 {[#] Threatens to win with ...Rxf1+.} 26. Nc5 Rxf1+ 27. Kxf1 Qe3 28. g3 $40 {[%mdl 128] White attacks.} ({Don't play} 28. Re4 Qc1+ 29. Re1 Qc4+ 30. Re2 Rd8 $17) 28... Qc1+ 29. Kg2 {Hoping for Rxf7!} Qxb2+ 30. Kh3 $1 ({Reject} 30. Rf2 Qxd4 31. Qf5 Qc4 $17) 30... Qxa2 {And now ...Rd8 would win.} 31. d5 (31. Nd7 $11 h5 32. Nf6+ Kf8 33. Nd7+ Kg8 34. Nf6+ Kf8 35. Nd7+ Kg8) 31... Qc2 $2 {[%mdl 8192] [#]} (31... Qxd5 $15 32. Nd7 h5 33. Nf6+ Kh8 34. Qxg7+ Kxg7 35. Nxd5 a5) 32. Rxf7 $1 $18 {[%csl Gf7][%cal Rg4g7][%mdl 512]} Qh7 (32... Kxf7 33. Qe6+) 33. Nd7 {Nf6+ would kill now.} h5 34. Qe6 {[%csl Gd7][%cal Rf7f8]} Kh8 35. Nxb8 {Intending Nc6 and mate.} b3 36. Rxc7 {White mates.} Qd3 37. Qe8+ Kh7 38. Qxh5+ {Precision: White = 58%, Black = 50%.} 1-0